[Event "USCL Manhattan vs Philadelphia"]
[Site "Chess.com"]
[Date "2013.08.28"]
[Round "1"]
[White "Salimbagat, Rico"]
[Black "Minear, Peter"]
[Result "1/2-1/2"]
[WhiteElo "2259"]
[BlackElo "2385"]
[PlyCount "111"]
[EventDate "2013.??.??"]
[EventCountry "USA"]

{Board 3, FM Salimbagat (Manhattan Applesauce) vs NM Minear (Philadelphia
Inventors)  Time Control: Game in 75 with 30 second increment} 1. e4 e5 2. Nc3
Nf6 3. f4 d5 4. fxe5 Nxe4 5. Nf3 Bc5 6. d4 Bb4 7. Bd2 Bg4 8. Nxe4 dxe4 9. Bxb4
exf3 10. Qd3 Nc6 11. Bc3 Qh4+ 12. g3 Qg5 13. h3 Bh5 14. Kf2 O-O-O 15. h4 Qh6
16. Bd2 Qe6 17. Bh3 Bg4 18. d5 Rxd5 19. Bxg4 Qxg4 20. Qxd5 Rd8 21. Qxd8+ Nxd8
22. Bc3 Ne6 23. Rad1 b5 24. a3 c5 25. b4 Nf4 26. Be1 Nh3+ 27. Ke3 Qf5 28. Rd2
f2 29. Bxf2 Qxe5+ 30. Kf3 Qc3+ 31. Be3 Qf6+ 32. Kg2 Qc6+ 33. Kh2 f5 34. Bxc5 f4
35. Rf1 Qe6 36. gxf4 Qg4 37. Bd6 Qxh4 38. Kg2 Qg4+ 39. Kh2 Qh4 40. Kg2 Qg4+ 41.
Kh2 g5 42. f5 Nf4 43. Bxf4 gxf4 44. Rdf2 Qg3+ 45. Kh1 Qh3+ 46. Kg1 Qxf5 47.
Rxf4 Qg5+ 48. Kh2 Qh5+ 49. Kg3 Qg6+ 50. Kh4 Qh6+ 51. Kg3 Qg6+ 52. Kh3 Qh6+ 53.
Kg3 Qg6+ 54. Kh3 Qh6+ 55. Kg3 Qg6+ 56. Kh3 1/2-1/2

[Event "USCL New Jersey vs New York"]
[Site "Chess.com"]
[Date "2013.08.28"]
[Round "1"]
[White "Checa, Nicolas"]
[Black "Manuelian, Haik der"]
[Result "1-0"]
[WhiteElo "2267"]
[BlackElo "2032"]
[PlyCount "177"]
[EventDate "2013.??.??"]
[EventCountry "USA"]

{Board 4, NM Checa (New York Knights) vs Manuelian (New Jersey Knockouts) 
Time Control: Game in 75 with 30 second increment} 1. d4 d5 2. c4 c6 3. Nf3 Nf6
4. e3 Bf5 5. Nc3 e6 6. Nh4 Be4 7. f3 Bg6 8. Qb3 Qc7 9. Bd2 Nbd7 10. cxd5 Nxd5
11. e4 Nxc3 12. Qxc3 Bh5 13. g3 Be7 14. Ng2 g5 15. Be2 Bg6 16. O-O-O O-O-O 17.
Kb1 Bf6 18. Ka1 Kb8 19. Qa3 Nb6 20. Be3 Rd7 21. Qa5 h6 22. Nf4 Bh7 23. Nh5 Be7
24. Qe5 Qxe5 25. dxe5 Bg6 26. Nf6 Bxf6 27. exf6 Rhd8 28. Bc5 Rd2 29. Bb4 Rxd1+
30. Rxd1 Rxd1+ 31. Bxd1 Nd7 32. Be7 Kc7 33. g4 a6 34. Kb1 c5 35. Kc1 Kc6 36.
Kd2 b5 37. Be2 Kb6 38. Ke3 e5 39. Bd1 Kc6 40. Bb3 c4 41. Bc2 Bh7 42. Kd2 Bg6
43. Kc3 h5 44. h3 h4 45. Kb4 Kb6 46. Bd8+ Kc6 47. Be7 Kb6 48. a4 a5+ 49. Kc3
Nc5 50. Bxc5+ Kxc5 51. axb5 Kxb5 52. Bd1 Bh7 53. Be2 Bg6 54. Bxc4+ Kc5 55. Be2
Bh7 56. Bd3 Bg6 57. Bc4 Kc6 58. Bd3 Kc5 59. Bc2 Bh7 60. Ba4 Bg6 61. Be8 Kd6 62.
Kc4 Ke6 63. Kb5 Kxf6 64. Kxa5 Ke7 65. Bc6 f6 66. b4 Kd6 67. Bd5 Kc7 68. b5 Be8
69. Ka6 Kb8 70. Kb6 Bd7 71. Bc4 Be8 72. Kc5 Kc7 73. b6+ Kb7 74. Bd5+ Ka6 75.
Bc4+ Kb7 76. Kd6 Ba4 77. Be2 Kxb6 78. Ke6 Kc5 79. Kxf6 Kd4 80. Kxg5 Ke3 81. Ba6
Kxf3 82. Kxh4 Kf4 83. Kh5 Bc2 84. Bb7 Kg3 85. g5 Kxh3 86. g6 Ba4 87. g7 Be8+
88. Kg5 Bf7 89. Bd5 1-0

[Event "USCL Connecticut vs Baltimore"]
[Site "Chess.com"]
[Date "2013.08.28"]
[Round "1"]
[White "Schoch, Ian"]
[Black "Shi, Jason"]
[Result "0-1"]
[WhiteElo "2294"]
[BlackElo "2173"]
[PlyCount "128"]
[EventDate "2013.??.??"]
[EventCountry "USA"]

{Board 4, NM Schoch (Baltimore Kingfishers) vs. Shi (Connecticut Dreadnoughts)
Time Control: Game in 75 with 30 second increment  Week 1 Upset prize winner.} 
1. e4 c5 2. d4 cxd4 3. c3 dxc3 4. Nxc3 Nc6 5. Nf3 d6 6. Bc4 e6 7. O-O Nf6 8.
Qe2 Be7 9. Rd1 e5 10. h3 O-O 11. b4 a6 12. b5 axb5 13. Nxb5 Be6 14. Bg5 Ne8 15.
Be3 Qd7 16. Nd2 Nc7 17. Bxe6 fxe6 18. Nxc7 Qxc7 19. Qc4 Qc8 20. Rac1 Nd4 21.
Bxd4 Qxc4 22. Rxc4 exd4 23. Rxd4 Rxa2 24. Nf3 Rc8 25. Rb4 Ra7 26. Rdb1 d5 27.
Rxb7 Rxb7 28. Rxb7 dxe4 29. Nd2 Rc1+ 30. Nf1 Bc5 31. Rb3 Rd1 32. g3 Rd3 33. Rb5
Bd4 34. Kg2 Rf3 35. Ne3 Bxe3 36. fxe3 Rxe3 37. Rb7 Re2+ 38. Kf1 Rh2 39. h4 e3
40. Re7 Rf2+ 41. Ke1 Rf3 42. Rxe6 Rxg3 43. Re4 Kf7 44. Ke2 Kg6 45. Re5 Rh3 46.
Rg5+ Kh6 47. Rg4 g6 48. Re4 Kh5 49. Re7 h6 50. Re6 Rxh4 51. Kxe3 g5 52. Kf3
Rh3+ 53. Kg2 Ra3 54. Rb6 g4 55. Kh2 Kg5 56. Rc6 h5 57. Kg2 Kh4 58. Rc2 Ra4 59.
Kh2 g3+ 60. Kg2 Kg4 61. Rb2 h4 62. Rc2 h3+ 63. Kf1 g2+ 64. Kf2 Rf4+ 0-1

[Event "USCL New England vs. Boston"]
[Site "Chess.com"]
[Date "2013.08.28"]
[Round "1"]
[White "Brattain, Mika"]
[Black "Martirosov, Vadim"]
[Result "0-1"]
[WhiteElo "2364"]
[BlackElo "2349"]
[PlyCount "96"]
[EventDate "2013.??.??"]
[EventCountry "USA"]

{Board 3, NM Brattain (New England Nor'easters) vs. NM Martirosov (Boston
Blitz)  Time Control: Game in 75 with 30 second increment} 1. c4 e5 2. Nc3 Nf6
3. Nf3 Nc6 4. e4 Bc5 5. Nxe5 Nxe5 6. d4 Bb4 7. dxe5 Nxe4 8. Qd4 Nxc3 9. bxc3
Be7 10. Qg4 g6 11. Bh6 d6 12. Qe4 Qd7 13. Bd3 Qf5 14. O-O Qxe4 15. Bxe4 dxe5
16. Bg7 Rg8 17. Bxe5 Bd6 18. Bxd6 cxd6 19. Rad1 Ke7 20. Rfe1 Be6 21. Bxb7 Rab8
22. Rb1 Kf6 23. Ba6 Rge8 24. f3 Bf5 25. Rxb8 Rxe1+ 26. Kf2 Ra1 27. Rb2 Bb1 28.
c5 dxc5 29. Bc4 Bf5 30. Rb7 Be6 31. Bxe6 Kxe6 32. Rxa7 Rc1 33. Ke3 Rxc3+ 34.
Kd2 Rc4 35. Ra3 h5 36. Rd3 Rh4 37. h3 Ra4 38. a3 c4 39. Re3+ Kd5 40. g4 h4 41.
Kc2 f5 42. f4 Kd4 43. Kd2 Ra6 44. gxf5 gxf5 45. Rc3 Rg6 46. Rf3 Rg2+ 47. Kc1
Rg3 48. Rf2 Rxa3 0-1

[Event "USCL New England vs. Boston"]
[Site "Chess.com"]
[Date "2013.08.28"]
[Round "1"]
[White "Ivanov, Alexander"]
[Black "Zierk, Steven"]
[Result "1-0"]
[WhiteElo "2624"]
[BlackElo "2543"]
[PlyCount "123"]
[EventDate "2013.??.??"]
[EventCountry "USA"]

{Board 1, GM Ivanov (New England Nor'easters) vs. IM Zierk (Boston Blitz) 
Time Control: Game in 75 with 30 second increment} 1. e4 c5 2. Nf3 Nc6 3. Bb5
g6 4. Bxc6 dxc6 5. d3 Bg7 6. h3 Nf6 7. Nc3 Nd7 8. Be3 e5 9. Qd2 Qe7 10. Bh6 f6
11. Bxg7 Qxg7 12. O-O g5 13. Ne2 Nf8 14. b4 g4 15. hxg4 Bxg4 16. Qe3 Ne6 17.
bxc5 O-O-O 18. Nh4 Bxe2 19. Qxe2 Nd4 20. Qh5 Rhg8 21. g3 Qd7 22. c3 Rg5 23. Qd1
Nb5 24. Qf3 Qh3 25. Qg2 Qe6 26. Nf5 Nxc3 27. Qf3 Nb5 28. Kg2 Nd4 29. Nxd4 Rxd4
30. Rh1 h5 31. a3 Qg4 32. Qxg4+ Rxg4 33. Rad1 Rg5 34. Kf3 Ra4 35. Ra1 Kc7 36.
Ke3 f5 37. exf5 Rxf5 38. Rhb1 Ra5 39. Rc1 Rb5 40. Rab1 Rg5 41. Rb4 Rg4 42. Rxg4
hxg4 43. Rc4 a5 44. a4 Rb4 45. Ke4 Rb3 46. Kxe5 Rxd3 47. Rxg4 Rd5+ 48. Ke6 Rxc5
49. Rg7+ Kb6 50. f4 Rc4 51. f5 Rxa4 52. f6 Re4+ 53. Kf5 Re1 54. Rg4 Re8 55. f7
Rf8 56. Ke6 Kc5 57. Rg8 Rxf7 58. Kxf7 b5 59. g4 b4 60. g5 a4 61. g6 b3 62. Rb8
1-0

[Event "USCL New England vs. Boston"]
[Site "Chess.com"]
[Date "2013.08.28"]
[Round "1"]
[White "Krasik, Ilya"]
[Black "Liu, Andrew"]
[Result "1/2-1/2"]
[WhiteElo "2286"]
[BlackElo "2296"]
[PlyCount "112"]
[EventDate "2013.??.??"]
[EventCountry "USA"]

{Board 4, NM Krasik (Boston Blitz) vs. NM Liu (New England Nor'easters)  Time
Control: Game in 75 with 30 second increment} 1. d4 Nf6 2. c4 c5 3. d5 e6 4.
Nc3 exd5 5. cxd5 d6 6. e4 g6 7. f4 Bg7 8. Bb5+ Nfd7 9. Nf3 a6 10. Bd3 b5 11.
O-O O-O 12. a3 Re8 13. Kh1 Ra7 14. Bxb5 axb5 15. Nxb5 Ra6 16. Qc2 Rb6 17. Nc3
Na6 18. Bd2 Rb8 19. Rae1 Nb6 20. f5 Nc4 21. Bc1 Qb6 22. Qa4 Nc7 23. fxg6 hxg6
24. Qxc4 Ba6 25. Qa4 Bxf1 26. Rxf1 Nb5 27. Ng5 Re7 28. e5 Nxc3 29. bxc3 Qb5 30.
Qxb5 Rxb5 31. exd6 Rd7 32. Bf4 Bxc3 33. h4 Bg7 34. Re1 Bf6 35. Re8+ Kg7 36.
Ne6+ fxe6 37. dxe6 Rdb7 38. d7 Rb1+ 39. Kh2 Rd1 40. Rc8 Rb6 41. Rc7 Bd8 42. Rc8
Bxh4 43. Be5+ Bf6 44. Bxf6+ Kxf6 45. d8=Q+ Rxd8 46. Rxd8 Kxe6 47. Rc8 Kd5 48.
Kg3 Rb3+ 49. Kg4 Rxa3 50. Rd8+ Kc4 51. Rd6 Rd3 52. Rxg6 Rd4+ 53. Kf5 Kd3 54.
Rc6 c4 55. g4 c3 56. g5 c2 1/2-1/2

[Event "USCL Connecticut vs Baltimore"]
[Site "Chess.com"]
[Date "2013.08.28"]
[Round "1"]
[White "Kekelidze, Mikheil"]
[Black "Bregadze, Levan"]
[Result "1-0"]
[WhiteElo "2576"]
[BlackElo "2469"]
[PlyCount "75"]
[EventDate "2013.??.??"]
[EventCountry "USA"]

{Board 1, GM Kekellidze (Connecticut Dreadnoughts) vs. IM Bregadze (Baltimore
Kingfishers)  Time Control: Game in 75 with 30 second increment} 1. d4 Nf6 2.
c4 g6 3. Nc3 Bg7 4. e4 d6 5. Nf3 O-O 6. Be2 e5 7. O-O Nbd7 8. Qc2 exd4 9. Nxd4
Re8 10. Rd1 Nc5 11. f3 Ne6 12. Be3 Nh5 13. Nxe6 Bxe6 14. Bf1 Qe7 15. Qd2 Rad8
16. g4 Nf6 17. Bg5 c6 18. Qf4 h6 19. Bxh6 Bxh6 20. Qxh6 d5 21. cxd5 cxd5 22. e5
Qc5+ 23. Kh1 Nd7 24. Qf4 d4 25. Rxd4 Qxe5 26. Qd2 Qf6 27. Ne4 Qxf3+ 28. Bg2
Qxg4 29. Nd6 Qh5 30. Nxe8 Rxe8 31. Rxd7 Bxd7 32. Qxd7 Qe5 33. Qxb7 Rb8 34. Qxa7
Rxb2 35. Rf1 Qe6 36. a4 Qa2 37. Qa8+ Kg7 38. Bd5 1-0

[Event "USCL Manhattan vs Philadelphia"]
[Site "Chess.com"]
[Date "2013.08.28"]
[Round "1"]
[White "Dehmelt, Karl"]
[Black "Goldenberg, Ryan"]
[Result "0-1"]
[WhiteElo "2260"]
[BlackElo "2348"]
[PlyCount "102"]
[EventDate "2013.??.??"]
[EventCountry "USA"]

{Board 4, FM Dehmelt (Philadelphia Inventors) vs NM Goldenberg (Manhattan
Applesauce)  Time Control: Game in 75 with 30 second increment} 1. e4 c5 2. Nf3
Nc6 3. Bb5 e6 4. O-O Nge7 5. c3 a6 6. Ba4 b5 7. Bc2 Bb7 8. Re1 d5 9. a4 b4 10.
d4 cxd4 11. Nxd4 Nxd4 12. Qxd4 Nc6 13. Qd1 d4 14. c4 e5 15. Bd3 Bd6 16. Nd2 O-O
17. Nf1 Qh4 18. Ng3 g6 19. b3 a5 20. Qd2 Nd8 21. Qg5 Qxg5 22. Bxg5 Ne6 23. Bh6
Rfe8 24. Rab1 f6 25. Bd2 Nc5 26. Bf1 Re7 27. f3 Rf7 28. Nh1 f5 29. Nf2 Kg7 30.
Bd3 f4 31. Bc2 h5 32. Nd3 g5 33. Nxc5 Bxc5 34. Bd3 g4 35. Kf2 Rg8 36. Rg1 Kf8
37. Rbf1 h4 38. Be1 g3+ 39. hxg3 fxg3+ 40. Ke2 Bc8 41. Bd2 h3 42. gxh3 Bxh3 43.
Rd1 Be7 44. Rc1 g2 45. c5 Rg3 46. Bh6+ Ke8 47. Bb5+ Kd8 48. c6 Kc7 49. f4 exf4
50. Bc4 Rf6 51. Bxf4+ Rxf4 0-1

[Event "USCL New England vs. Boston"]
[Site "Chess.com"]
[Date "2013.08.28"]
[Round "1"]
[White "Shmelov, Denys"]
[Black "Winer, Steven"]
[Result "1/2-1/2"]
[WhiteElo "2465"]
[BlackElo "2409"]
[PlyCount "139"]
[EventDate "2013.??.??"]
[EventCountry "USA"]

{Board 2, SM Shmelov (Boston Blitz) vs. FM Winer (New England Nor'easters) 
Time Control: Game in 75 with 30 second increment} 1. d4 d5 2. c4 e6 3. Nc3 Nf6
4. cxd5 exd5 5. Bg5 c6 6. Qc2 Be7 7. e3 Nbd7 8. Bd3 Nh5 9. Bxe7 Qxe7 10. Nge2
Nb6 11. h3 g6 12. O-O-O Ng7 13. g4 Bd7 14. Nf4 Ne6 15. Rde1 Qd6 16. Nxe6 Bxe6
17. Kb1 O-O-O 18. Nb5 Qe7 19. Reg1 Kb8 20. Nc3 h5 21. g5 Nc4 22. h4 Nd6 23. Ne2
Bf5 24. Nf4 Rde8 25. Bxf5 Nxf5 26. Nd3 Rc8 27. Re1 Rhe8 28. Ka1 Qc7 29. Qd2 Re4
30. f4 Re7 31. Ne5 Qd6 32. Rc1 Rec7 33. a3 Ka8 34. Qd3 Qe6 35. Rh2 Nd6 36. Kb1
Qf5 37. Rd1 Re8 38. Ka1 Qxd3 39. Rxd3 Kb8 40. Kb1 Kc8 41. Kc1 Kd8 42. Kd1 Ke7
43. Ke2 Ke6 44. Kf3 Rec8 45. Kg3 c5 46. dxc5 Rxc5 47. Nf3 Nf5+ 48. Kh3 Rc2 49.
Rdd2 Rxd2 50. Rxd2 Rc4 51. Ne5 Re4 52. Rc2 Nxe3 53. Rc7 Rxf4 54. Nd7 Rf3+ 55.
Kh2 Rf2+ 56. Kg3 Rxb2 57. Nf8+ Ke5 58. Re7+ Kd4 59. Rxf7 Rb6 60. Rf4+ Kd3 61.
Rf6 Ke4 62. Rf4+ Kd3 63. Rf6 Rb3 64. Nxg6 Rxa3 65. Nf4+ Ke4 66. Re6+ Kf5 67.
Rf6+ Ke4 68. Re6+ Kf5 69. Rf6+ Ke4 70. Re6+ 1/2-1/2

[Event "USCL Carolina vs San Francisco"]
[Site "Chess.com"]
[Date "2013.09.11"]
[Round "3"]
[White "Schroer, Jonathan"]
[Black "Kraai, Jesse"]
[Result "0-1"]
[WhiteElo "2432"]
[BlackElo "2567"]
[PlyCount "128"]
[EventDate "2013.??.??"]
[EventCountry "USA"]

{Board 1, IM Schroer (Carolina Cobras) vs. GM Kraai (San Francisco Mechanics) 
Time Control: Game in 75 with 30 second increment} 1. d4 Nf6 2. c4 e6 3. Nf3 b6
4. g3 Ba6 5. Qb3 Nc6 6. Nbd2 Na5 7. Qc3 c5 8. dxc5 bxc5 9. e4 d6 10. a3 Bb7 11.
b4 Nc6 12. b5 Ne5 13. Nxe5 dxe5 14. Bg2 Bd6 15. O-O Bc7 16. Qc2 O-O 17. Nb3 Bd6
18. a4 Qc7 19. a5 a6 20. b6 Qe7 21. Rd1 Rfd8 22. Bg5 h6 23. Bxf6 Qxf6 24. Rd3
Bf8 25. Rad1 Rxd3 26. Qxd3 Bc6 27. Qe3 Qe7 28. h4 g6 29. Bf3 Kg7 30. Qc3 Qf6
31. Kg2 h5 32. Nc1 Rc8 33. Nd3 Bd6 34. Nf4 Bb8 35. Ne2 Qe7 36. Nc1 f6 37. Nd3
Bd6 38. Re1 Qb7 39. Kg1 Bf8 40. Bg2 Rd8 41. Nc1 Qd7 42. Bf3 Qd2 43. Ne2 Rd3 44.
Qxd2 Rxd2 45. Rb1 Bb7 46. Kg2 Kf7 47. Nc3 Ke8 48. Nb5 Bh6 49. Nc7+ Kd7 50. Rb3
Bf8 51. Nxa6 Bxa6 52. b7 Bd6 53. Rb6 Bxb7 54. Rxb7+ Bc7 55. Rb5 Kc6 56. g4 hxg4
57. Bxg4 Kd6 58. Rb7 f5 59. Bf3 Bxa5 60. Rg7 Bd8 61. Rxg6 Bxh4 62. exf5 Rxf2+
63. Kh3 Rxf3+ 64. Kxh4 Rxf5 0-1

[Event "USCL Carolina vs San Francisco"]
[Site "Chess.com"]
[Date "2013.09.11"]
[Round "3"]
[White "Mu, Joshua"]
[Black "Wheeler, Cameron"]
[Result "1-0"]
[WhiteElo "2270"]
[BlackElo "2259"]
[PlyCount "93"]
[EventDate "2013.??.??"]
[EventCountry "USA"]

{Board 3, NM Mu (Carolina Cobras) vs. GM Wheeler (San Francisco Mechanics) 
Time Control: Game in 75 with 30 second increment} 1. e4 e6 2. d4 d5 3. Nc3 Nf6
4. e5 Nfd7 5. Nf3 c5 6. dxc5 Nc6 7. Bf4 Bxc5 8. Bd3 Be7 9. h4 f6 10. exf6 Nxf6
11. Qe2 O-O 12. O-O-O Kh8 13. h5 Ng8 14. g3 Bf6 15. Nb5 Nh6 16. Bc7 Qd7 17. Bd6
Rf7 18. Bf4 Qe7 19. Rde1 Bd7 20. Nc7 Rc8 21. c3 Qc5 22. Nxe6 Bxe6 23. Qxe6 Nb4
24. Bf5 Nxf5 25. Qxf7 Nd3+ 26. Kb1 Qb5 27. Re2 Nxf4 28. c4 dxc4 29. gxf4 c3 30.
Rc2 Qc6 31. Re1 Nd6 32. Qe6 Re8 33. Qh3 Rxe1+ 34. Nxe1 Nc4 35. Nd3 cxb2 36. Ne5
Bxe5 37. fxe5 h6 38. f4 b5 39. Qg2 Qc8 40. Qe4 Qd8 41. Rxc4 bxc4 42. Qxc4 Qd2
43. e6 a5 44. Qc8+ Kh7 45. Qc2+ Qxc2+ 46. Kxc2 Kg8 47. f5 1-0

[Event "USCL Carolina vs San Francisco"]
[Site "Chess.com"]
[Date "2013.09.11"]
[Round "3"]
[White "Viswanadha, Kesav"]
[Black "Cunningham, Robin"]
[Result "1/2-1/2"]
[WhiteElo "2235"]
[BlackElo "2225"]
[PlyCount "80"]
[EventDate "2013.??.??"]
[EventCountry "USA"]

{Board 4, NM Viswanadha (San Francisco Mechanics) vs. FM Cunningham (Carolina
Cobras)  Time Control: Game in 75 with 30 second increment} 1. e4 c6 2. d4 d5
3. e5 Bf5 4. Nf3 e6 5. Be2 c5 6. Be3 cxd4 7. Nxd4 Ne7 8. Nd2 Nbc6 9. N2f3 Be4
10. O-O Nf5 11. Nxf5 Bxf5 12. c4 dxc4 13. Bxc4 Be7 14. Qe2 O-O 15. Rfd1 Qc7 16.
Rac1 Rfd8 17. Bb5 Bg4 18. Rxd8+ Rxd8 19. Bf4 Qa5 20. Bxc6 bxc6 21. a3 Qd5 22.
h3 Bxf3 23. Qxf3 Qxf3 24. gxf3 c5 25. Be3 Rd5 26. f4 f6 27. exf6 Bxf6 28. b4
cxb4 29. axb4 a5 30. bxa5 Rxa5 31. Rc5 Rxc5 32. Bxc5 Kf7 33. Kg2 Kg6 34. Kg3
Kf5 35. Kf3 Bc3 36. Be3 Ba5 37. Bd4 g6 38. Be3 Bc7 39. Bd2 Bb6 40. Bc1 Bc5
1/2-1/2

[Event "USCL Miami vs Los Angeles"]
[Site "Chess.com"]
[Date "2013.09.11"]
[Round "3"]
[White "Quesada, Yuniesky"]
[Black "Khachiyan, Melikset"]
[Result "1/2-1/2"]
[WhiteElo "2686"]
[BlackElo "2602"]
[PlyCount "116"]
[EventDate "2013.??.??"]
[EventCountry "USA"]

{Board 1, GM Quesada (Miami Sharks) vs. GM Khachiyan (Los Angeles Vibe)  Time
Control: Game in 60 with 30 second increment} 1. e4 e5 2. Nf3 Nc6 3. Bb5 f5 4.
Nc3 fxe4 5. Nxe4 Nf6 6. Nxf6+ Qxf6 7. Qe2 Be7 8. Bxc6 dxc6 9. Nxe5 Bf5 10. d4
O-O 11. O-O Bd6 12. f4 Bxe5 13. dxe5 Qg6 14. Rf2 Rad8 15. Be3 a5 16. Kh1 b6 17.
h3 h5 18. a3 c5 19. Re1 Rd7 20. Kh2 h4 21. Qf3 Qe8 22. Rfe2 Be6 23. Rg1 Rf5 24.
Rd2 Rxd2 25. Bxd2 Qh5 26. Qxh5 Rxh5 27. Be3 Kf7 28. Rd1 Rh8 29. Kg1 Bf5 30. Kf2
Ke6 31. Rd2 Be4 32. c3 a4 33. Kg1 g6 34. Bf2 Bc6 35. Be1 Kf5 36. Re2 Bd5 37.
Bd2 Bc4 38. Re1 Rd8 39. Be3 Ke6 40. Kf2 Kf5 41. Bc1 Bb3 42. Be3 Rd1 43. Rxd1
Bxd1 44. Ke1 Bb3 45. Bf2 Bd5 46. Kf1 Bc4+ 47. Kg1 Kxf4 48. Bxh4 g5 49. Be1 Ke3
50. h4 gxh4 51. Bxh4 c6 52. Bd8 b5 53. Be7 Ke4 54. Bd6 Be6 55. Kf2 Kf4 56. g3+
Ke4 57. Bxc5 Kxe5 58. Ke3 Kf5 1/2-1/2

[Event "USCL Miami vs Los Angeles"]
[Site "Chess.com"]
[Date "2013.09.11"]
[Round "3"]
[White "Matikozyan, Andranik"]
[Black "Becerra, Julio"]
[Result "0-1"]
[WhiteElo "2577"]
[BlackElo "2619"]
[PlyCount "136"]
[EventDate "2013.??.??"]
[EventCountry "USA"]

{Board 2, IM Matikozyan (Los Angeles Vibe) vs. GM Becerra (Miami Sharks)  Time
Control: Game in 60 with 30 second increment  Game of the Week (3)} 1. e4 e5 2.
Nf3 Nc6 3. Bb5 a6 4. Ba4 Nf6 5. d3 d6 6. c3 g6 7. O-O Bg7 8. Re1 O-O 9. h3 Bd7
10. Nbd2 Qe8 11. Bc2 Nh5 12. Nf1 f5 13. Ne3 fxe4 14. dxe4 Kh8 15. Nd5 Rc8 16.
Be3 Nd8 17. c4 Ne6 18. b4 c5 19. bxc5 dxc5 20. a4 Nd4 21. Nh2 Qf7 22. a5 Rce8
23. Qd2 Bc6 24. Ra3 Nf6 25. Bd3 Re6 26. Rb1 Ne8 27. Ra2 Nd6 28. Qc1 Rc8 29. Nb6
Rd8 30. Nd5 Ree8 31. Qa3 Bxd5 32. exd5 e4 33. Bf1 Rc8 34. Rb6 N6f5 35. Qc1 Re7
36. Be2 h5 37. Nf1 Rf8 38. Bd1 Nxe3 39. Nxe3 Nf5 40. Nxf5 Qxf5 41. g4 Qf7 42.
Rb3 h4 43. Qg5 Kg8 44. Rb6 e3 45. f3 e2 46. Bxe2 Rxe2 47. Rxe2 Qxf3 48. Rg2
Qd1+ 49. Kh2 Rf1 50. Qd8+ Bf8 51. Qxh4 Rh1+ 52. Kg3 Qd3+ 53. Kf4 Qd4+ 54. Kf3
Qd3+ 55. Kf4 Qd4+ 56. Kf3 Rxh3+ 57. Qxh3 Qd3+ 58. Kf2 Qxh3 59. Rxg6+ Bg7 60.
Rg3 Qh2+ 61. Kf3 Kf7 62. Re6 Bd4 63. Re2 Qh1+ 64. Rgg2 Qh7 65. Kg3 Qd3+ 66. Kh2
Qxc4 67. g5 Qxd5 68. g6+ Kf8 0-1

[Event "USCL Miami vs Los Angeles"]
[Site "Chess.com"]
[Date "2013.09.11"]
[Round "3"]
[White "Zaloznyy, Mike"]
[Black "Andretta, Carlos Gaston"]
[Result "0-1"]
[WhiteElo "2243"]
[BlackElo "2128"]
[PlyCount "132"]
[EventDate "2013.??.??"]
[EventCountry "USA"]

{Board 4, NM Zaloznyy (Los Angeles Vibe) vs. NM Andretta (Miami Sharks)  Time
Control: Game in 60 with 30 second increment} 1. d4 d5 2. c4 e6 3. Nc3 Nf6 4.
Nf3 Be7 5. Bf4 O-O 6. a3 c5 7. dxc5 Bxc5 8. e3 Nc6 9. Be2 Bb6 10. O-O d4 11.
exd4 Nxd4 12. Nxd4 Bxd4 13. Qd3 e5 14. Be3 Bxe3 15. Qxe3 Qe7 16. Bf3 Bf5 17.
Rfe1 Rfe8 18. Rad1 a6 19. Qb6 Rab8 20. Nd5 Nxd5 21. Rxd5 f6 22. Rc5 Red8 23.
Rc7 Rd7 24. Rxd7 Qxd7 25. Rd1 Qe7 26. Qa7 Qc7 27. Bd5+ Kf8 28. Rc1 Ke7 29. Rc3
Rd8 30. h3 Bc8 31. Kh2 Kd6 32. Rd3 Ke7 33. Rg3 g6 34. Qe3 Be6 35. Qh6 Kd6 36.
Rd3 Bxd5 37. Rxd5+ Kc6 38. Rxd8 Qxd8 39. Qxh7 g5 40. Qe4+ Kc7 41. b4 Qd6 42.
Qh7+ Kb8 43. Qg8+ Kc7 44. Qf7+ Kc8 45. Qd5 Qf8 46. Qc5+ Qxc5 47. bxc5 Kd7 48.
g3 Ke6 49. Kg2 f5 50. Kf3 Kf6 51. Ke3 Kg6 52. Kd3 Kf6 53. Kc3 a5 54. Kb3 Kg6
55. Ka4 Kf6 56. Kxa5 e4 57. Kb4 f4 58. Kc3 e3 59. Kd3 exf2 60. Ke2 fxg3 61. a4
Ke7 62. c6 bxc6 63. a5 Kd7 64. a6 Kc7 65. c5 Kb8 66. h4 gxh4 0-1

[Event "USCL St. Louis vs Seattle"]
[Site "Chess.com"]
[Date "2013.09.11"]
[Round "3"]
[White "Bykhovsky, Anatoly"]
[Black "Orlov, Georgi"]
[Result "0-1"]
[WhiteElo "2625"]
[BlackElo "2533"]
[PlyCount "80"]
[EventDate "2013.??.??"]
[EventCountry "USA"]

{Board 1, GM Bykhovsky (St. Louis Arch Bishops) vs. IM Orlov (Seattle Sluggers)
Time Control: Game in 75 with 30 second increment} 1. d4 d5 2. c4 e6 3. Nc3 Nf6
4. Nf3 Be7 5. Bg5 O-O 6. e3 Nbd7 7. Qc2 c5 8. dxc5 Qa5 9. cxd5 Nxd5 10. Rc1 f6
11. Bh4 Nxc5 12. a3 Nxc3 13. Qxc3 Qa4 14. Nd4 e5 15. Bc4+ Kh8 16. Nb5 Be6 17.
O-O Ne4 18. Qd3 Bxc4 19. Rxc4 Qxb5 20. Qxe4 Qxb2 21. Rc7 Qxa3 22. Qxb7 Rfb8 23.
Qc6 Qd6 24. Qc2 Rd8 25. h3 a5 26. Rb1 a4 27. Rbb7 Qd1+ 28. Qxd1 Rxd1+ 29. Kh2
Bf8 30. Bxf6 gxf6 31. Rxh7+ Kg8 32. Rh4 f5 33. Rh5 Rd6 34. Rg5+ Kh8 35. Rh5+
Bh6 36. Rb2 a3 37. Ra2 Rb6 38. g4 Kg8 39. Rxf5 Rb2 40. Ra1 Bxe3 0-1

[Event "USCL St. Louis vs Seattle"]
[Site "Chess.com"]
[Date "2013.09.11"]
[Round "3"]
[White "Anka, Emil"]
[Black "Kannappan, Priyadharshan"]
[Result "0-1"]
[WhiteElo "2497"]
[BlackElo "2508"]
[PlyCount "74"]
[EventDate "2013.??.??"]
[EventCountry "USA"]

{Board 2, GM Anka (Seattle Sluggers) vs. IM Kannappan (St. Louis Arch Bishops)
Time Control: Game in 75 with 30 second increment} 1. e4 c5 2. Nf3 Nc6 3. d4
cxd4 4. Nxd4 Qb6 5. Nb3 e6 6. Nc3 a6 7. Qe2 Qc7 8. f4 b5 9. g4 d6 10. Be3 Nf6
11. g5 Nd7 12. Bg2 b4 13. Nd1 a5 14. c4 bxc3 15. Nxc3 a4 16. Nb5 Qb8 17. N3d4
Nxd4 18. Bxd4 Ba6 19. Bf1 Qb7 20. O-O-O Rb8 21. Nxd6+ Bxd6 22. Qxa6 Bxf4+ 23.
Kb1 Qxe4+ 24. Qd3 Qxd3+ 25. Rxd3 Bxg5 26. Bxg7 Rg8 27. Bd4 Bf6 28. Bxf6 Nxf6
29. Rd4 a3 30. b4 e5 31. Rh4 Ng4 32. Rg1 Rxb4+ 33. Kc1 Ke7 34. Bd3 Rc8+ 35. Bc2
Rb2 36. Rgxg4 Rcxc2+ 37. Kd1 Rf2 0-1

[Event "USCL St. Louis vs Seattle"]
[Site "Chess.com"]
[Date "2013.09.11"]
[Round "3"]
[White "Kavutskiy, Konstantin"]
[Black "Sang, Tian"]
[Result "1/2-1/2"]
[WhiteElo "2363"]
[BlackElo "2324"]
[PlyCount "73"]
[EventDate "2013.??.??"]
[EventCountry "USA"]

{Board 3, FM Kavutskiy (St. Louis Arch Bishops) vs. FM Sang (Seattle Sluggers)
Time Control: Game in 75 with 30 second increment} 1. d4 f5 2. Nf3 Nf6 3. g3 e6
4. Bg2 d5 5. O-O Bd6 6. c4 c6 7. b3 Qe7 8. a4 O-O 9. Ba3 b6 10. Bxd6 Qxd6 11.
Qc2 Na6 12. Nc3 Nb4 13. Qb2 a5 14. Rac1 Ba6 15. cxd5 cxd5 16. Ne5 Rac8 17. Qd2
Rc7 18. h3 Rfc8 19. Rfd1 Ne4 20. Bxe4 dxe4 21. Nb5 Bxb5 22. axb5 Rc2 23. Rxc2
Rxc2 24. Qg5 h6 25. Qh5 Qe7 26. g4 fxg4 27. Nxg4 Qf7 28. Qe5 Rxe2 29. Rc1 Nc2
30. Kf1 Qf3 31. Qxe6+ Kh7 32. Nf6+ gxf6 33. Qf7+ Kh8 34. Qf8+ Kh7 35. Qf7+ Kh8
36. Qf8+ Kh7 37. Qf7+ 1/2-1/2